[Event "Open Dutch Champ"]
[Site "Dieren NED"]
[Date "2004.07.30"]
[Round "4"]
[White "Savchenko,S"]
[Black "Muhren,W"]
[Result "1/2-1/2"]
[WhiteElo "2521"]
[BlackElo "2231"]

1.d4 Nf6 2.c4 g6 3.Nc3 Bg7 4.e4 d6 5.Nf3 O-O 6.Be2 Na6 7.O-O e5 8.Re1 c6
9.Bf1 exd4 10.Nxd4 Ng4 11.h3 Qb6 12.hxg4 Qxd4 13.g5 Qxd1 14.Rxd1 Nc5 15.Rxd6 Bxc3
16.bxc3 Nxe4 17.Rd3 b6 18.Bf4 Ba6 19.Re1 Nc5 20.Rd6 Ne6 21.Be3 c5 22.a4  1/2-1/2

[Event "Politiken Cup"]
[Site "Copenhagen DEN"]
[Date "2004.07.31"]
[Round "9"]
[White "Rosenkilde,A"]
[Black "Nielsen,St"]
[Result "1-0"]
[WhiteElo "1989"]
[BlackElo "2124"]

1.d4 Nf6 2.c4 g6 3.Nc3 Bg7 4.Nf3 O-O 5.e4 d6 6.Be2 e5 7.Be3 exd4 8.Nxd4 Re8
9.f3 c6 10.Nc2 Nh5 11.O-O g5 12.Qd2 h6 13.Rad1 Be5 14.c5 Re6 15.Bc4 Rg6 16.Bd4 Bf4
17.Qf2 Qc7 18.cxd6 Bxd6 19.e5 Bf8 20.Bd3 Re6 21.Ne4 Nd7 22.Bc4 Rg6 23.Rfe1 Nb6
24.Bd3 Re6 25.Ne3 Bb4 26.Nc3 Re8 27.h4 Be6 28.a3 Bf8 29.Ne4 Rad8 30.Ng4 Bg7
31.hxg5 hxg5 32.Nxg5 Bb3 33.Bh7+ Kh8 34.Bc2 Qe7 35.f4 Nxf4 36.Qh4+ Kg8 37.Bxb3 Nbd5
38.Nf6+ Kf8 39.Ngh7+  1-0

[Event "Politiken Cup"]
[Site "Copenhagen DEN"]
[Date "2004.08.01"]
[Round "10"]
[White "Schlecht,D"]
[Black "Trygstad,K"]
[Result "1/2-1/2"]
[WhiteElo "2363"]
[BlackElo "2265"]

1.d4 Nf6 2.c4 g6 3.Nc3 Bg7 4.e4 d6 5.Nf3 O-O 6.Be2 e5 7.O-O Na6 8.Be3 Ng4
9.Bg5 Qe8 10.dxe5 h6 11.Bc1 dxe5 12.h3 Nf6 13.Be3 Qe7 14.a3 c6 15.b4 Nh5
16.c5 Rd8 17.Qc1 Nf4 18.Bxf4 exf4 19.e5 g5 20.Re1 Bf5 21.Bc4 Nc7 22.Ne4 Bxe4
23.Rxe4 Ne6 24.Qc2 Rd7 25.Rae1 Rad8 26.R4e2 b6 27.cxb6 axb6 28.Qf5 b5 29.Ba2 Rd3
30.Rc1 Rxf3 31.gxf3  1/2-1/2

[Event "Politiken Cup"]
[Site "Copenhagen DEN"]
[Date "2004.08.01"]
[Round "10"]
[White "Jorgensen,D"]
[Black "Gullaksen,E"]
[Result "0-1"]
[WhiteElo "2180"]
[BlackElo "2390"]

1.d4 Nf6 2.c4 g6 3.Nc3 Bg7 4.e4 O-O 5.Nf3 d6 6.Be2 e5 7.Be3 Ng4 8.Bg5 f6
9.Bc1 exd4 10.Nxd4 f5 11.O-O Nc6 12.Nxc6 bxc6 13.h3 Nh6 14.Bxh6 Bxh6 15.Bf3 Bd7
16.Re1 Bg7 17.exf5 gxf5 18.Qd2 Be5 19.Rad1 Qf6 20.Na4 Rf7 21.Qa5 Qh4 22.b3 Qf4
23.Kf1 Re8 24.Re3 Rfe7 25.Nc3 Bxc3 26.Rxc3 Qd2 27.g3 Re1+ 28.Rxe1 Rxe1+ 29.Kg2 Be8
30.c5 d5 31.Qb4 a5 32.Qxa5 d4 33.Qa8 dxc3 34.Bxc6  0-1

[Event "Politiken Cup"]
[Site "Copenhagen DEN"]
[Date "2004.08.01"]
[Round "10"]
[White "Fant,G"]
[Black "Ramme,C"]
[Result "1-0"]
[WhiteElo "1997"]
[BlackElo "2089"]

1.d4 Nf6 2.c4 g6 3.Nc3 Bg7 4.e4 d6 5.Nf3 O-O 6.Be2 e5 7.d5 a5 8.Bg5 h6 9.Bh4 Qe8
10.Nd2 Na6 11.a3 Bd7 12.b3 Nh7 13.g4 f5 14.gxf5 gxf5 15.Bh5 Qc8 16.Be7 Nc5
17.Qe2 fxe4 18.Bxf8 Nd3+ 19.Kd1 Nxf8 20.Kc2 Nf4 21.Qd1 c6 22.Ndxe4 Bf5 23.Bf3 b5
24.dxc6 bxc4 25.Qxd6 N8e6 26.Rad1 Ng5 27.Nd5 Nxe4 28.Ne7+ Kh7 29.Nxf5 Nxd6
30.Nxd6 cxb3+ 31.Kb1 Qc7 32.Be4+ Kg8 33.Rhg1 Ne2 34.Nb5 Qf7 35.c7 Rf8 36.Rd8 Qf4
37.f3 Nxg1 38.c8=Q Nxf3 39.Rxf8+ Bxf8 40.Bf5 Nd2+ 41.Kb2 Kg7 42.Qe6 Bxa3+
43.Nxa3 Qd4+ 44.Kc1 Qg1+ 45.Kxd2 Qxh2+ 46.Kc3 Qg3+ 47.Bd3 Qg5 48.Kxb3 Qf6
49.Qd7+ Qf7+ 50.Qxf7+ Kxf7 51.Nc4 Ke6 52.Be4 Kf6 53.Nxa5 Kg5 54.Nc4 h5 55.Kc3 Kf4
56.Kd3 h4 57.Ne3 h3 58.Nf1 Kg5 59.Ke3 Kf6 60.Kf3 Kg5 61.Kg3 h2 62.Nxh2 Kf6
63.Kg4 Ke6 64.Kg5 Kd6 65.Kf5 Kc5 66.Kxe5 Kc4 67.Nf3 Kc5 68.Bd5 Kb4 69.Kd4 Kb5
70.Ne1 Kb6 71.Nd3 Kc7 72.Kc5 Kd7 73.Ne5+ Ke7 74.Ng4 Kf8 75.Kd6 Ke8 76.Ne5 Kf8
77.Ke6 Kg7 78.Kf5 Kh7 79.Kf6 Kh8 80.Be4 Kg8 81.Nf7 Kf8 82.Bh7 Ke8 83.Ne5 Kd8
84.Ke6 Kc7 85.Nd7 Kd8 86.Kd6 Ke8 87.Bg6+ Kd8 88.Nc5 Kc8 89.Bh5 Kd8 90.Nb7+ Kc8
91.Kc6 Kb8 92.Kb6 Kc8 93.Bg4+ Kb8 94.Na5 Ka8 95.Bc8 Kb8 96.Ba6 Ka8 97.Bb7+ Kb8
98.Nc6+  1-0

[Event "1st It"]
[Site "Salto URU"]
[Date "2004.08.01"]
[Round "1"]
[White "Larrea,M"]
[Black "Genta,A"]
[Result "1/2-1/2"]
[WhiteElo "2224"]
[BlackElo "2150"]

1.d4 Nf6 2.Nf3 g6 3.c4 Bg7 4.Nc3 d6 5.e4 O-O 6.Be2 e5 7.dxe5 dxe5 8.Qxd8 Rxd8
9.Nd5 Nxd5 10.cxd5 c6 11.Bg5 f6 12.Be3 cxd5 13.exd5 Nd7 14.O-O Nb6 15.Bxb6 axb6
16.Rfc1 e4 17.Nd2 Bh6 18.Rd1 f5 19.Nc4 Ra6 20.a4 Bd7 21.b3 Be8 22.Rab1 Kf8
23.g3 b5 24.Na3 Rad6 25.Nxb5 Bxb5 26.Bxb5 Rxd5  1/2-1/2

[Event "IV Mario Covas"]
[Site "Santos BRA"]
[Date "2004.08.01"]
[Round "2"]
[White "Coelho,L"]
[Black "Matsuura,E"]
[Result "1/2-1/2"]
[WhiteElo "2391"]
[BlackElo "2490"]

1.d4 Nf6 2.c4 g6 3.Nc3 Bg7 4.e4 d6 5.Nf3 O-O 6.Be2 e5 7.O-O Na6 8.Re1 c6
9.Bf1 Bg4 10.d5 c5 11.h3 Bc8 12.Nh2 Nc7 13.a3 Nd7 14.Be3 f5 15.exf5 gxf5
16.f4 Ne8 17.Qc2 b6 18.b4 exf4 19.Bxf4 Ne5 20.bxc5 bxc5 21.Rab1 Nf6 22.Be2 Ne4
23.Nxe4 fxe4 24.Rf1 Nf3+ 25.Bxf3 exf3 26.Qd2 fxg2 27.Qxg2 Kh8 28.Bg5 Rxf1+
29.Rxf1 Qe8 30.Kh1 Qg6 31.Be7 Bxh3 32.Qxh3 Qe4+ 33.Nf3 Qxe7 34.Re1 Qf6 35.Qh5 Rf8
36.Re8 h6 37.Rxf8+ Qxf8 38.Qg4 Qf6 39.Kg2 Qb2+ 40.Kh3 Qb1 41.Kg2 Qc2+ 42.Kh3 Qd3
43.Kh4 Kh7 44.Qf4 Qg6 45.Kh3 Qf6 46.Qe4+ Qg6 47.Qf4 Qf6 48.Qe4+ Qg6  1/2-1/2

[Event "Open"]
[Site "Davos SUI"]
[Date "2004.08.02"]
[Round "3"]
[White "Littlewood,P"]
[Black "Cebalo,M"]
[Result "0-1"]
[WhiteElo "2396"]
[BlackElo "2527"]

1.d4 Nf6 2.c4 g6 3.Nc3 Bg7 4.e4 d6 5.Be2 O-O 6.Nf3 e5 7.Be3 Ng4 8.Bg5 f6
9.Bh4 g5 10.Bg3 Nh6 11.dxe5 dxe5 12.Qxd8 Rxd8 13.Nd5 Na6 14.h4 g4 15.Nh2 Be6
16.O-O-O c6 17.Nc3 Bf8 18.Rxd8 Rxd8 19.Rd1 Rxd1+ 20.Nxd1 Nc5 21.f3 gxf3 22.gxf3 a5
23.Nf1 Bf7 24.Be1 a4 25.Nc3 a3 26.b4 Na6 27.b5 Nc5 28.bxc6 bxc6 29.Nd2 Ne6
30.Nb3 Nf4 31.Bf1 Bh5 32.Na5 Bxf3 33.Nxc6 Ng4 34.Bd2 Nh2 35.Bxf4 Nxf1 36.Bd2 Ng3
37.Nb8 Nxe4 38.Nxe4 Bxe4 39.Nd7 Be7 40.c5 Kf7 41.Be3 Ke6 42.Nb8 f5 43.Bf2 f4
44.Kd2 Bd5 45.Kc3 e4 46.Bd4 e3 47.Na6 Bxa2 48.c6 Bxh4 49.Kd3 Bb1+ 50.Ke2 Kd5
51.c7 Bf5 52.Bc3 Kc4  0-1

[Event "9th Open"]
[Site "Creon FRA"]
[Date "2004.08.03"]
[Round "3"]
[White "Renaze,L"]
[Black "Tihonov,J"]
[Result "1/2-1/2"]
[WhiteElo "2276"]
[BlackElo "2447"]

1.d4 Nf6 2.c4 g6 3.Nc3 Bg7 4.e4 d6 5.Be2 Na6 6.Nf3 O-O 7.O-O e5 8.Rb1 c6
9.dxe5 dxe5 10.b4 Qe7 11.b5 Nc5 12.Ba3 Nfd7 13.Na4 cxb5 14.Rxb5 b6 15.Qd5 Ba6
16.Nxc5 Nxc5 17.Bxc5 bxc5 18.Qxc5 Qxc5 19.Rxc5 Rfc8 20.Rxc8+ Rxc8 21.Rc1 f6
22.Rc2 Bh6 23.Ne1 Kf7 24.Kf1 Bf8 25.Bd3 Bc5 26.Rb2 Ke6 27.Nf3 Ba3 28.Rb3 Bc5
29.Nd2 f5 30.Ke2 Rd8 31.f3 h5 32.Rb1 Bb6 33.Nb3 h4 34.h3 Rc8 35.Rc1 Bc5 36.Nxc5+ Rxc5
37.Kd2 Ra5 38.Rc2 Ra3 39.exf5+ gxf5 40.Be2 Kd6 41.Bd3 Ke6 42.Be2 Kd6 43.Bd3 Ke6  1/2-1/2

[Event "Open"]
[Site "Davos SUI"]
[Date "2004.08.03"]
[Round "4"]
[White "Smith,BG"]
[Black "Giacomini,P"]
[Result "0-1"]
[WhiteElo "2340"]
[BlackElo "2064"]

1.d4 Nf6 2.c4 g6 3.Nc3 Bg7 4.e4 d6 5.Nf3 O-O 6.Be2 e5 7.dxe5 dxe5 8.O-O Nc6
9.Qxd8 Rxd8 10.Bg5 h6 11.Bxf6 Bxf6 12.Nd5 Bg7 13.Nxc7 Rb8 14.Nd5 Be6 15.Rfd1 Kh7
16.Ne1 Nd4 17.Bf1 Rbc8 18.b4 h5 19.b5 Rd7 20.a4 f5 21.f3 fxe4 22.fxe4 Rf7
23.Rxd4 exd4 24.Nf3 Kh6 25.Bd3 Bg4 26.Nd2 Be5 27.Rf1 Rxf1+ 28.Nxf1 a6 29.b6 Bd1
30.a5 Rc5  0-1

[Event "Open Dutch Champ"]
[Site "Dieren NED"]
[Date "2004.08.03"]
[Round "7"]
[White "Compagnie,L"]
[Black "Dekker,Te"]
[Result "1-0"]
[WhiteElo "2196"]
[BlackElo "2069"]

1.d4 d6 2.c4 Nf6 3.Nc3 g6 4.e4 Bg7 5.Be2 O-O 6.Nf3 e5 7.O-O exd4 8.Nxd4 Re8
9.f3 Nc6 10.Nc2 Nh5 11.Nd5 f5 12.g4 Nf6 13.gxf5 gxf5 14.Bg5 Ne5 15.Kh1 c6
16.Nc3 Nf7 17.Bh4 Qb6 18.Rg1 Nh5 19.Qd2 f4 20.Rad1 Kf8 21.b3 Qa5 22.Be1 Re6
23.Bf1 Ng3+ 24.hxg3 Rh6+ 25.Kg2 Qh5 26.Kf2 Ne5 27.Bg2 fxg3+ 28.Ke2 Qh2 29.Qf4+ Rf6
30.Bxg3 Qh5 31.Qh4 Qf7 32.Bxe5 dxe5 33.Rd8+ Ke7 34.Rgd1  1-0

[Event "Open Dutch Champ"]
[Site "Dieren NED"]
[Date "2004.08.03"]
[Round "7"]
[White "Mostertman,L"]
[Black "Van der Veen,Jan"]
[Result "1/2-1/2"]
[WhiteElo "2102"]
[BlackElo "2129"]

1.d4 Nf6 2.c4 d6 3.Nc3 e5 4.Nf3 Nbd7 5.e4 g6 6.Be2 Bg7 7.O-O O-O 8.Re1 c6
9.Bf1 Re8 10.Rb1 exd4 11.Nxd4 Nc5 12.f3 Nh5 13.Be3 Ne6 14.Nde2 f5 15.exf5 gxf5
16.Qd2 Qe7 17.Rbd1 Qf7 18.f4 Bf8 19.h3 Nc5 20.b3 Nf6 21.Ng3 Qg6 22.Kh2 Bd7
23.Bd4 Rxe1 24.Rxe1 b6 25.b4 Ne6 26.Be3 Re8 27.Bd3 Ng7 28.Qc2 Re7 29.Re2 Qe8
30.Bd4 Rxe2 31.Ncxe2 Qg6 32.Qa4 c5 33.Qxa7 cxd4 34.Qxb6 d5 35.c5 Ne4 36.Qb7 Nxg3
37.Nxg3 Bc6 38.Qc8 Qe6 39.Qc7 Qd7 40.Qe5 Qe6 41.Nxf5 Bd7 42.Nxd4 Qxe5 43.fxe5 Ne6
44.Bf5 Nxd4 45.Bxd7 Bg7 46.e6 Kf8 47.b5 Ke7 48.g3 Nxe6 49.c6 Bd4 50.Kg2 Bb6
51.Kf1 Nd4 52.a4 h6 53.h4 Kd6 54.g4 Ke5 55.g5 hxg5 56.hxg5 Nf3 57.g6 Kf6
58.c7 Bxc7 59.Bc6 Ne5  1/2-1/2

[Event "Open Dutch Champ"]
[Site "Dieren NED"]
[Date "2004.08.03"]
[Round "7"]
[White "Savchenko,S"]
[Black "Brandenburg,D"]
[Result "1/2-1/2"]
[WhiteElo "2521"]
[BlackElo "2291"]

1.d4 Nf6 2.Nf3 g6 3.c4 Bg7 4.Nc3 O-O 5.e4 d6 6.Be2 e5 7.O-O Na6 8.Re1 c6
9.Rb1 exd4 10.Nxd4 Nc5 11.Bf3 Nfd7 12.b4 Qf6 13.Be3 Ne6 14.Nxe6 Qxe6 15.Qb3 a5
16.b5 Qe5 17.Na4 Re8 18.Rbd1 Nc5 19.Qc2 Nxa4 20.Qxa4 Bd7 21.Bd4 Qxd4 22.Rxd4 Bxd4
23.Qd1 Bc5 24.e5 Bb4 25.Re3 Bc5 26.Re1 Bb4 27.Re3 Rad8 28.exd6 Be6 29.bxc6 Rxd6
30.Rd3 Rxd3 31.Qxd3 Bf5 32.Qd1 Bc2 33.Qf1 bxc6 34.Be2 Rd8 35.g4 Rd2 36.Kg2 Be4+
37.Bf3 Bxf3+ 38.Kxf3 Bc5 39.Qe1 Rxf2+ 40.Kg3 Rxa2 41.Qe8+ Bf8 42.Qxc6 Kg7
43.g5 a4 44.c5 a3 45.Qf6+ Kg8 46.Qc3 Bg7 47.Qa5 Rc2 48.Qa8+ Bf8 49.Qxa3 Rxc5
50.Qe3 Bd6+ 51.Kf3 Rf5+ 52.Kg2 Bf4 53.Qe8+ Kg7 54.h4 h6 55.gxh6+ Bxh6 56.Qc8 Bf4
57.Qd7 Be5 58.Qb7 Bf6 59.Kg3 Rh5 60.Kg4 Rxh4+ 61.Kg3 g5 62.Qd5 Rf4 63.Kg2 Kg6
64.Kg3 Bd4 65.Qc6+ Kg7 66.Qd5 Bf2+ 67.Kg2 Bh4 68.Kh3 Kg6 69.Qa8 f5 70.Qc6+ Kf7
71.Qd7+ Kf6 72.Qd6+ Kf7 73.Qd7+  1/2-1/2

[Event "Open"]
[Site "Kavala GRE"]
[Date "2004.08.03"]
[Round "5"]
[White "Gershon,A"]
[Black "Belov,Vl"]
[Result "1/2-1/2"]
[WhiteElo "2518"]
[BlackElo "2532"]

1.d4 Nf6 2.c4 g6 3.Nc3 Bg7 4.e4 d6 5.Be2 O-O 6.Nf3 e5 7.d5 a5 8.Bg5 h6 9.Bh4 Na6
10.Nd2 Qe8 11.Bxf6 Bxf6 12.Bg4 Bxg4 13.Qxg4 Bg5 14.Nf3 Bd8 15.O-O h5 16.Qh3 c6
17.Rad1 Qe7 18.dxc6 bxc6 19.Na4 Rb8 20.Nd2 Qa7 21.Nb1 Nc5 22.Nbc3 Bc7 23.Qe3 Rfd8
24.Rd2 Bb6 25.Nxb6 Qxb6 26.f4 exf4 27.Rxf4 Ne6 28.Qxb6 Rxb6 29.Rf1 Kf8 30.b3 Rbb8
31.Re1 Rb7 32.e5 Rbd7 33.exd6 Rxd6 34.Rxd6 Rxd6 35.Re5 Rd2 36.Re2  1/2-1/2

[Event "1st It"]
[Site "Salto URU"]
[Date "2004.08.03"]
[Round "4"]
[White "Larrea,M"]
[Black "Viera,E"]
[Result "1-0"]
[WhiteElo "2224"]
[BlackElo "2123"]

1.d4 Nf6 2.Nf3 g6 3.c4 Bg7 4.Nc3 O-O 5.e4 d6 6.Be2 Na6 7.O-O e5 8.d5 Nc5
9.Bg5 a5 10.Nd2 h6 11.Bh4 g5 12.Bg3 Nh7 13.Bg4 f5 14.Bxf5 Bxf5 15.exf5 Rxf5
16.Rb1 Rf8 17.Nde4 b6 18.Re1 Nf6 19.b3 Ncxe4 20.Nxe4 Nxe4 21.Rxe4 Qd7 22.Qe2 Qf7
23.h4 Qg6 24.Rc1 Rae8 25.Rc3 gxh4 26.Bxh4 Rf4 27.Rce3 Ref8 28.Bg3 Rxe4 29.Rxe4 Kh8
30.Qg4 Qxg4 31.Rxg4 Bf6 32.Kf1 Kh7 33.Ke2 h5 34.Re4 Kg6 35.f3 Kf5 36.Bf2 Rg8
37.g3 Bg5 38.Kd1 Rf8 39.Re1 Kg6 40.Ke2 Rh8 41.Kd3 Kf5 42.Rh1 Rh6 43.a3 Kg6
44.b4 axb4 45.axb4 Rh8 46.Ra1 Rf8 47.Ke2 Re8 48.Ra7 Re7 49.Ra6 Kf5 50.Ra8 Kg6
51.Rg8+ Rg7 52.Rxg7+ Kxg7 53.Kd3 Kg6 54.Ke4 Bd2 55.c5 b5 56.c6 Bxb4 57.Bb6  1-0

[Event "XI Summer Open"]
[Site "Nice FRA"]
[Date "2004.08.04"]
[Round "4"]
[White "Dunis,A"]
[Black "Paragua,M"]
[Result "1/2-1/2"]
[WhiteElo "2443"]
[BlackElo "2529"]

1.d4 Nf6 2.c4 g6 3.Nc3 Bg7 4.e4 d6 5.Nf3 O-O 6.Be2 e5 7.O-O Nbd7 8.d5 Nc5
9.Qc2 a5 10.Bg5 h6 11.Bh4 g5 12.Bg3 Nh5 13.Rfe1 Nf4 14.Bf1 h5 15.h3 Ng6 16.Nd2 g4
17.hxg4 hxg4 18.Nb3 Nxb3 19.axb3 Qg5 20.Nb5 Bd7 21.c5 Bxb5 22.Bxb5 Bf6 23.cxd6 cxd6
24.Qd1 Kg7 25.Bd7 Rh8 26.Bxg4 Nf4 27.Qf3 Qh6 28.Bh3 Nxh3+ 29.gxh3 Qxh3 30.Rec1 Rh4
31.Rc7 Rf4 32.Qg2 Qxg2+ 33.Kxg2 Rxe4 34.Rxb7 Re2 35.Rc1 Rxb2 36.Rcc7 Rf8
37.Rd7 e4 38.Bxd6 Re8 39.Rxf7+ Kg6 40.Bc5 Rd2 41.Be3 Rxd5 42.Rfd7 Rxd7 43.Rxd7 Rb8
44.Rd6 Rxb3  1/2-1/2

[Event "1st It"]
[Site "Salto URU"]
[Date "2004.08.04"]
[Round "6"]
[White "Larrea,M"]
[Black "Belistri,U"]
[Result "1-0"]
[WhiteElo "2224"]
[BlackElo "2090"]

1.d4 Nf6 2.Nf3 g6 3.c4 Bg7 4.Nc3 O-O 5.e4 d6 6.Be2 e5 7.dxe5 dxe5 8.Qxd8 Rxd8
9.Nd5 Nxd5 10.cxd5 c6 11.Bc4 cxd5 12.Bxd5 Nc6 13.Bxc6 bxc6 14.Be3 Ba6 15.Rc1 Bd3
16.Nd2 f5 17.f3 Bf8 18.Kf2 Bb5 19.Nb3 Rd7 20.Rhd1 Rad8 21.Rxd7 Rxd7 22.g3 fxe4
23.fxe4 Bd3 24.Nc5 Bxc5 25.Rxc5 Bxe4 26.Rxe5 Bd5 27.Re8+ Kf7 28.Ra8 Ke6 29.b3 Be4
30.Re8+ Kd5 31.Ra8 Bd3 32.Bxa7 Re7 33.Rd8+  1-0

[Event "1st It"]
[Site "Salto URU"]
[Date "2004.08.04"]
[Round "7"]
[White "Belistri,U"]
[Black "Viera,E"]
[Result "0-1"]
[WhiteElo "2090"]
[BlackElo "2123"]

1.Nf3 Nf6 2.d4 g6 3.c4 Bg7 4.Nc3 O-O 5.e4 d6 6.Be2 Na6 7.O-O e5 8.dxe5 dxe5
9.Bg5 Qe8 10.a3 h6 11.Bc1 Nc5 12.Qc2 Bg4 13.Nd5 Bxf3 14.Bxf3 Qd8 15.Rd1 c6
16.Be3 Nfd7 17.Nc3 Qe7 18.Qd2 Rfd8 19.Qc2 Ne6 20.g3 Nd4 21.Bxd4 exd4 22.Na2 Ne5
23.Be2 c5 24.Bd3 Re8 25.Qe2 Nxd3 26.Rxd3 Qxe4 27.Qd2 Re7 28.b4 b6 29.Rb1 Rae8
30.bxc5 bxc5 31.Rb5 Qc6 32.Rb1 Re2  0-1

[Event "ch-Arab w"]
[Site "Dubai UAE"]
[Date "2004.08.05"]
[Round "3"]
[White "Zahira,E"]
[Black "Mouradian,K"]
[Result "0-1"]
[WhiteElo "2018"]
[BlackElo "2095"]

1.d4 Nf6 2.c4 g6 3.Nc3 Bg7 4.e4 d6 5.Nf3 O-O 6.Be2 Na6 7.O-O e5 8.d5 Nc5
9.Qc2 a5 10.Be3 b6 11.h3 Nh5 12.Nd2 Nf4 13.Bxf4 exf4 14.Bf3 Bd7 15.Nb3 h5
16.Nxc5 bxc5 17.Ne2 Be5 18.Kh2 Qf6 19.Rab1 Kg7 20.g3 Rh8 21.h4 fxg3+ 22.fxg3 Qxh4+
23.Kg2 Bh3+ 24.Kf2 Qf6 25.Rh1 Bg4 26.Qd3 h4 27.b3 hxg3+ 28.Nxg3 Qf4 29.Ne2 Rh2+
30.Rxh2 Qxh2+ 31.Bg2 Bxe2 32.Qxe2 Qg3+ 33.Kf1 Qc3 34.Rd1 a4 35.Qd3 Qb2 36.Rd2 Qa1+
37.Ke2 Bc3 38.Rc2 Qe1+ 39.Kf3 Be5 40.Rf2 Bd4 41.Rf1 Qh4 42.Ke2 axb3 43.Qxb3 Qh5+
44.Rf3 Qg4 45.Kf1 Rh8 46.Qd1 Qg5 47.Qc2 Rh2 48.a4 Rxg2 49.Qxg2 Qc1+ 50.Ke2 Qc2+  0-1

[Event "It"]
[Site "Charleroi BEL"]
[Date "2004.08.06"]
[Round "8"]
[White "Komarov,D"]
[Black "Le Quang,K"]
[Result "1-0"]
[WhiteElo "2567"]
[BlackElo "2271"]

1.c4 g6 2.d4 Nf6 3.Nc3 Bg7 4.e4 d6 5.Be2 O-O 6.Nf3 e5 7.d5 a5 8.Bg5 Na6 9.Nd2 Qe8
10.O-O Kh8 11.a3 Bd7 12.b3 Ng8 13.Rb1 f5 14.f3 Bh6 15.Bxh6 Nxh6 16.b4 axb4
17.axb4 Qe7 18.Qc1 f4 19.Nd1 g5 20.Nf2 Rg8 21.h3 Nf7 22.c5 h5 23.c6 bxc6
24.dxc6 Be6 25.Qc3 d5 26.exd5 Bxd5 27.Nde4 g4 28.fxg4 hxg4 29.Bxg4 Nh6 30.Rfe1 Nb8
31.b5 Ra3 32.Qb4 Qxb4 33.Rxb4 Re3 34.Rd1 Nxg4 35.hxg4 Bxc6 36.bxc6 Nxc6 37.Rc4 Rg6
38.g5 Nd4 39.Rxc7  1-0

[Event "IV Mario Covas"]
[Site "Santos BRA"]
[Date "2004.08.07"]
[Round "8"]
[White "Matsuura,E"]
[Black "Marques,V"]
[Result "1/2-1/2"]
[WhiteElo "2490"]
[BlackElo "2378"]

1.c4 g6 2.Nc3 Bg7 3.d4 Nf6 4.e4 d6 5.Nf3 O-O 6.Be2 Nbd7 7.O-O e5 8.Re1 c6
9.Bf1 a5 10.Rb1 exd4 11.Nxd4 Re8 12.f3 d5 13.cxd5 Nxd5 14.exd5 Rxe1 15.Qxe1 Bxd4+
16.Be3 Bxe3+ 17.Qxe3 Qb6 18.Re1 Qxe3+ 19.Rxe3 Nf6 20.dxc6 bxc6 21.Re7 Be6
22.Rb7 Rd8 23.Kf2 Rd2+ 24.Ke1 Rc2 25.Be2 Rc1+ 26.Bd1 Ra1 27.Kd2 Bxa2 28.Ra7 Be6
29.b4 Rxd1+ 30.Nxd1 axb4 31.Rc7 h5 32.Rxc6 Kg7 33.Nf2 g5 34.Nd3 b3 35.Rc5 Kg6
36.Rb5 h4 37.Nc5 Bd5 38.Ke3 g4 39.Ne4 Nxe4 40.fxe4 Be6 41.Kf4 h3 42.g3 Kf6
43.Rb7 Kg6 44.Ke5 Kg7 45.Kd4 Kf6 46.Rb6 Kg6 47.Ke5 Kg7 48.Kd6 Kf6 49.Rb5 Kg6
50.Ke7 Bc4 51.Rb8 Kg7 52.Rb4 Be6 53.Rb5 Kg6 54.Kd6 Kf6 55.Rb6 Bc4 56.Kc5+ Be6
57.Kd4 Kg7 58.Ke5 Kg6 59.Rb8 Kg7 60.Kf4 Kf6 61.Re8 Bd7 62.Rb8 Be6 63.Rb7 Kg6
64.e5 Kh6 65.Rb8 Kg6  1/2-1/2

[Event "9th Open"]
[Site "Creon FRA"]
[Date "2004.08.08"]
[Round "9"]
[White "Olarasu,G"]
[Black "Sanchez,N"]
[Result "0-1"]
[WhiteElo "2329"]
[BlackElo "2146"]

1.d4 g6 2.c4 Bg7 3.e4 d6 4.Nc3 Nf6 5.Nf3 O-O 6.Be2 e5 7.O-O Na6 8.Be3 Ng4
9.Bg5 f6 10.Bc1 f5 11.exf5 exd4 12.Nxd4 Nxh2 13.Kxh2 Qh4+ 14.Kg1 Bxd4 15.Nb5 Bc5
16.a3 Rxf5 17.Bf3 Qxc4 18.Nc3 c6 19.Re1 Bd7 20.Re7 Bxf2+ 21.Kxf2 Qh4+ 22.Kg1 Qxe7
23.Bh6 d5 24.b4 Re8 25.Qd2 Re5 26.Rf1 Re1 27.Bg5 Rxf1+ 28.Kxf1 Qe5 29.Ne2 Bf5
30.Nd4 Bd3+ 31.Ne2 Qd4 32.Qc1 Bxe2+ 33.Bxe2 Nc7 34.Bd2 Rf8+ 35.Bf3 Qd3+ 36.Kg1 Ne6
37.Qe1 Nd4 38.Bg4 Qe4 39.Qd1 Re8 40.Kh2 Qe5+ 41.Kh1 Nf5 42.Bxf5 Qxf5  0-1

[Event "HZ Open"]
[Site "Vlissingen NED"]
[Date "2004.08.14"]
[Round "9"]
[White "Balje,J"]
[Black "Shirazi,K"]
[Result "1-0"]
[WhiteElo "2156"]
[BlackElo "2394"]

1.d4 d6 2.c4 Nf6 3.Nc3 Nbd7 4.e4 e5 5.Nf3 g6 6.Be2 Bg7 7.O-O O-O 8.Qc2 exd4
9.Nxd4 Re8 10.Be3 Ne5 11.f3 Nh5 12.Qd2 f5 13.exf5 gxf5 14.Bg5 Qd7 15.Rad1 Nf7
16.Be3 Qe7 17.Nd5 Qd8 18.Rfe1 c6 19.Nf4 Bh6 20.g3 Bd7 21.Bf1 Nxf4 22.Bxf4 Rxe1
23.Rxe1 Bg7 24.Ne6 Bxe6 25.Rxe6 Qb6+ 26.Be3 Qxb2 27.Qxb2 Bxb2 28.Re7 b6 29.Bd3 Ne5
30.Bxf5 Nxf3+ 31.Kg2 Ne5 32.Be6+ Kh8 33.Bh6 Nd3 34.Bf5 Nc5 35.Rxh7+ Kg8 36.Rc7 d5
37.cxd5 cxd5 38.h4 Be5 39.Re7 Bf6 40.Re2 Rd8 41.h5 d4 42.Bd2 d3 43.Rf2 Re8
44.Kf3 Re5 45.g4 Bh4 46.Rh2 Be1 47.Bxe1 Rxe1 48.Rd2 Rf1+ 49.Kg2 Rf4 50.h6 Kf7
51.Rf2 Rd4 52.Bxd3+ Kg8 53.h7+ Kg7 54.Rf8 Rxg4+ 55.Kh3 Kxf8 56.h8=Q+ Rg8
57.Qf6+ Ke8 58.Bb5+ Nd7 59.Bxd7+  1-0

[Event "RUS-CHN"]
[Site "Moscow RUS"]
[Date "2004.08.16"]
[Round "6"]
[White "Zhou Jianchao"]
[Black "Andreikin,D"]
[Result "1-0"]
[WhiteElo "2385"]
[BlackElo "2449"]

1.d4 Nf6 2.c4 d6 3.Nc3 Nbd7 4.e4 e5 5.Nf3 g6 6.Be2 Bg7 7.O-O O-O 8.Re1 exd4
9.Nxd4 Re8 10.Bf1 Nc5 11.f3 Nfd7 12.Be3 Ne5 13.Qd2 Ne6 14.Rad1 Bd7 15.b3 Nc6
16.Nde2 b6 17.Kh1 a5 18.Nd5 Nb4 19.Nec3 Na6 20.Nb5 Bc6 21.Qf2 Rb8 22.Rd2 Nac5
23.Red1 Bxb5 24.cxb5 Kh8 25.Bc4 Nd7 26.a3 Ra8 27.Rc2 Ra7 28.g3 Ndc5 29.Qg2 Nd7
30.Bg1 Ne5 31.Be2 Nc5 32.b4 axb4 33.axb4 Ne6 34.f4 Nd7 35.Rcd2 Qc8 36.Rf1 Qd8
37.Bg4 Nef8 38.e5 dxe5 39.f5 Qg5 40.Bh3 Ra3 41.fxg6 fxg6 42.Nxc7 Re7 43.Nd5 Re8
44.Nxb6 Nxb6 45.Bxb6 e4 46.Bc5 Rf3 47.Re1 Bc3 48.Rxe4 Rxe4 49.Qxf3 Re1+ 50.Bf1 Qf6
51.Rf2 Nd7 52.Qa8+  1-0

[Event "Knjaz Milos Jezero Open"]
[Site "Belgrade SCG"]
[Date "2004.08.18"]
[Round "2"]
[White "Nestorovic,I"]
[Black "Jovicic,R"]
[Result "0-1"]
[WhiteElo "2116"]
[BlackElo "2233"]

1.d4 Nf6 2.c4 g6 3.Nc3 Bg7 4.e4 O-O 5.Nf3 d6 6.Be2 Qe8 7.O-O e5 8.d5 Na6
9.Re1 Nc5 10.Bf1 a5 11.b3 Nh5 12.Be3 b6 13.Nd2 Bd7 14.a3 f5 15.exf5 gxf5
16.f3 Qg6 17.b4 axb4 18.axb4 f4 19.Bxc5 Rxa1 20.Qxa1 bxc5 21.bxc5 e4 22.Ndxe4 Bd4+
23.Nf2 Qc2 24.Re2 Qxc3 25.Qxc3 Bxc3 26.cxd6 cxd6 27.Re7 Bf5 28.Ne4 Bd4+ 29.Kh1 Bxe4
30.Rxe4 Bc5 31.Bd3 Ra8 32.Re1 Ra4 33.h4 Bf2  0-1

[Event "2nd Misr Closed"]
[Site "Ismailia EGY"]
[Date "2004.08.18"]
[Round "4"]
[White "Komarov,D"]
[Black "Ezat,M"]
[Result "1-0"]
[WhiteElo "2567"]
[BlackElo "2395"]

1.d4 Nf6 2.Nf3 g6 3.c4 Bg7 4.Nc3 O-O 5.e4 d6 6.Be2 e5 7.d5 a5 8.Bg5 h6 9.Bh4 Na6
10.Nd2 Qe8 11.O-O Nh7 12.a3 Bd7 13.b3 f5 14.exf5 gxf5 15.Bh5 Qc8 16.Be7 Re8
17.Bxe8 Qxe8 18.Bh4 e4 19.Rc1 Nc5 20.Rc2 Nd3 21.Bg3 Nf6 22.f3 Qg6 23.fxe4 Ng4
24.Qe2 f4 25.Qxd3 Ne5 26.Qe2 fxg3 27.h3 Ng4 28.Nf3 Nf2 29.Qe3 Rf8 30.Rfxf2 gxf2+
31.Rxf2 Qf6 32.e5 dxe5 33.Ne4 Qf4 34.Qxf4 exf4 35.Nc5 Bc8 36.Re2 b6 37.Ne6 Re8
38.Kf2 Bxe6 39.dxe6 a4 40.bxa4 Bf8 41.Nh4 Kh7 42.Kf3 Bxa3 43.Kxf4 Bd6+ 44.Kf3 Rf8+
45.Ke3 Be7 46.Nf3 Ra8 47.Ke4 Kg6 48.Ne5+ Kf6 49.Nc6 Rg8 50.Nd4 Bc5 51.Rf2+ Kg6
52.Rf7 Rd8 53.Rd7 Re8 54.Rxc7 Kf6 55.Rc6 Rg8 56.g4 h5 57.Nf5 hxg4 58.e7+ Kg5
59.hxg4 Re8 60.Rxc5  1-0

[Event "ch-ESP Cerrado"]
[Site "Seville ESP"]
[Date "2004.08.18"]
[Round "1"]
[White "Cifuentes Parada,R"]
[Black "Arizmendi Martinez,J"]
[Result "1/2-1/2"]
[WhiteElo "2543"]
[BlackElo "2534"]

1.Nf3 Nf6 2.c4 g6 3.Nc3 Bg7 4.e4 d6 5.d4 O-O 6.Be2 Na6 7.O-O e5 8.Be3 Ng4
9.Bg5 f6 10.Bc1 Qe8 11.h3 Nh6 12.Rb1 Kh8 13.dxe5 dxe5 14.b4 c6 15.b5 Nc7
16.Ba3 Rg8 17.bxc6 bxc6 18.Qa4 Ne6 19.Rfd1 Nf7 20.c5 f5 21.Bc4 Rf8 22.Re1 f4
23.Red1 Nd4 24.Nxd4 exd4 25.Bxf7 Qxf7 26.Rxd4 f3 27.Rd3 fxg2 28.Nd1 Qxa2
29.Rb2 Qe6 30.Kxg2 a5 31.Rb6 Ba6 32.Re3 Bb5 33.Qxb5 cxb5 34.Rxe6 b4 35.Bb2 a4
36.e5 Rfc8 37.Re4 a3 38.Rxb4 axb2 39.c6 Kg8 40.Nxb2 Kf7 41.Rd6 Bxe5 42.Rd7+ Ke6
43.Nd3 Rxc6 44.Nxe5 Kxe5 45.Rxh7 Rf8 46.Rb5+ Kf6 47.Rb3 Rc5 48.h4 Re8 49.Rbb7 Rh5
50.Rhf7+ Ke5 51.f4+ Ke6 52.Kg3 Rc5 53.Rg7 Kf6 54.Rgf7+ Ke6 55.Rg7 Kf6 56.Rbf7+ Ke6
57.Ra7 Kf6 58.Rgf7+ Ke6 59.Kg4 Rb5 60.Rfc7 Kf6 61.Rf7+ Ke6 62.Rfb7 Rxb7 63.Rxb7 Kf6
64.Rb6+ Re6 65.Rxe6+ Kxe6 66.Kg5 Kf7 67.Kh6 Kf6 68.Kh7 Kf7  1/2-1/2

[Event "ch-ESP Abierto"]
[Site "Seville ESP"]
[Date "2004.08.18"]
[Round "6"]
[White "Perera,P"]
[Black "Garza Marco,S"]
[Result "0-1"]
[WhiteElo "2224"]
[BlackElo "2414"]

1.Nf3 d6 2.d4 g6 3.c4 Bg7 4.Nc3 Nf6 5.e4 O-O 6.Be2 Na6 7.O-O e5 8.Be3 Ng4
9.Bg5 Qe8 10.h3 h6 11.Bc1 exd4 12.Nd5 c6 13.hxg4 cxd5 14.exd5 Bxg4 15.Nxd4 Bxe2
16.Nxe2 Qe4 17.Be3 Qxc4 18.Qd2 Rfe8 19.Rfc1 Qb4 20.Nc3 Qh4 21.g3 Qh3 22.Ne2 Qg4
23.Kg2 Qe4+ 24.Kg1 Re5 25.Qc2 Qxd5 26.Nf4 Qf3 27.Rd1 Rae8 28.Rd2 Nc5 29.Rf1 Ne4
30.Rd3 Qg4 31.Bxa7 Rf5 32.Ng2 Ng5 33.Ne3 Nf3+ 34.Kg2 Qe4  0-1